00429nam a2200145Ia 4500003000200000005001700002008004100019020001800060050002300078100001700101245007200118260004700190300002900237500001700266020230728134148.0140611s9999 xx 000 0 und d a9780762436231 aDA 332 b.W55 2009 aDerek Wilson aA brief history of Henry VIII : reformer and tyrantcWilson, Derek  aLondonbConstable & Robinson Ltd. cc2009. a386 p. :bill. ;c20 cm. aHenry VIII.